The union parishad : (Record no. 56326)
[ view plain ]
| 000 -LEADER | |
|---|---|
| fixed length control field | 01021nam a2200289 a 4500 |
| 001 - CONTROL NUMBER | |
| control field | 56326 |
| 003 - CONTROL NUMBER IDENTIFIER | |
| rucl marc code | BD-RjUL |
| 005 - DATE AND TIME OF LATEST TRANSACTION | |
| control field | 20211209080400.0 |
| 008 - FIXED-LENGTH DATA ELEMENTS--GENERAL INFORMATION | |
| fixed length control field | 161128s1996 bg b b 000 0 eng |
| 020 ## - INTERNATIONAL STANDARD BOOK NUMBER | |
| International Standard Book Number | 9845590756 |
| Terms of availability | Tk. 80.00 |
| 035 ## - SYSTEM CONTROL NUMBER | |
| System control number | (BD-RjUL)56450 |
| 040 ## - CATALOGING SOURCE | |
| Original cataloging agency | DLC |
| Transcribing agency | DLC |
| Language of cataloging | eng |
| Modifying agency | BD-RjUL |
| 041 ## - LANGUAGE CODE | |
| Language code of text/sound track or separate title | eng |
| 082 ## - DEWEY DECIMAL CLASSIFICATION NUMBER | |
| Edition number | 23 |
| Classification number | 352.05492 |
| Author mark and year | HUU 1996 |
| 100 1# - MAIN ENTRY--PERSONAL NAME | |
| Personal name | Hussain, Shirin. |
| 9 (RLIN) | 167601 |
| 245 14 - TITLE STATEMENT | |
| Title | The union parishad : |
| Remainder of title | a study on its role in development administration / |
| Statement of responsibility, etc. | Shirin Hussain, Abdul Quader, Abdul Karim. |
| 260 ## - PUBLICATION, DISTRIBUTION, ETC. (IMPRINT) | |
| Place of publication, distribution, etc. | Comilla : |
| Name of publisher, distributor, etc. | Bangladesh Academy for Rural Development, |
| Date of publication, distribution, etc. | 1996. |
| 300 ## - PHYSICAL DESCRIPTION | |
| Pagination | ii, 83 p. : |
| Illustrations | ill, ; |
| Size | 23 cm. |
| 504 ## - BIBLIOGRAPHY, ETC. NOTE | |
| Bibliography, etc | Includes bibliographical references (p. 67-69). |
| 650 #0 - SUBJECT ADDED ENTRY--TOPICAL TERM | |
| Topical term or geographic name as entry element | Local government |
| Geographic subdivision | Bangladesh. |
| 9 (RLIN) | 167602 |
| Topical term or geographic name as entry element | Rural development |
| Geographic subdivision | Bangladesh. |
| 9 (RLIN) | 167603 |
| 700 1# - ADDED ENTRY--PERSONAL NAME | |
| Personal name | Quader, Md. Abdul. |
| Personal name | Karim, Abdul. |
| 710 2# - ADDED ENTRY--CORPORATE NAME | |
| Corporate name or jurisdiction name as entry element | Bāṃlādeśa Pallī Unnaẏana Ekāḍemī. |
| 9 (RLIN) | 167534 |
| 942 ## - ADDED ENTRY ELEMENTS (KOHA) | |
| Source of classification or shelving scheme | Dewey Decimal Classification |
| Koha item type | Books |
| Lost status | Source of classification or shelving scheme | Damaged status | Not for loan | Collection code | Permanent Location | Current Location | Shelving location | Date acquired | Source of acquisition | Cost, normal purchase price | Total Checkouts | Full call number | Date last seen | Copy number | Koha item type |
|---|---|---|---|---|---|---|---|---|---|---|---|---|---|---|---|
| Dewey Decimal Classification | Non-fiction | Central Library, University of Rajshahi | Central Library, University of Rajshahi | 28/10/2007 | Comilla, Ban.poli. union ecademy | 40.00 | 352.05492 HUU 1996 | 28/11/2016 | C-2 | Books |